Leopoldus II. In Campo Rákos Visio Eleutherii Pannonii

Bibliographic Details
Main Author: Pantophelius, Ioannes (pseudonym) (Author)
Format: Book
Language:Latin
PhysicalDescription:266 s. 20 cm
Published: [ b.m.] [b.n.] 1790
Subjects:

MARC

LEADER 00000nam a2200000 a 4500
001 vtls010641035
003 SK-MaSNL
005 20260301225310.0
008 200330s1790 000 0 lat
015 |a SDKKKez-00100 
035 |a 4E989E17-32F4-44CD-9244-AA570A64110A 
035 |a urn:nbn:sk:snk-amll1x 
035 |a urn:nbn:sk:snk-am00bpwh 
040 |a SNK  |b slo  |c SNK  |e AACR2 
041 0 |a lat 
080 |a (439)  |2 2001 
080 |a (0:82-4)  |2 2001 
245 |a Leopoldus II. In Campo Rákos  |b Visio Eleutherii Pannonii 
246 3 0 |a In Campo Rákos Visio Eleutherii Pannonii 
260 |a [ b.m.]  |b [b.n.]  |c 1790 
300 |a 266 s.  |c 20 cm 
546 |a Latinčina 
561 |a Okrúhla pečiatka: Dar Martina Hamuljaka Matici slovenskej  |5 SNK 
561 |a Okrúhla pečiatka: Nyitra Vármegyei Muzeum 1900  |5 SNK 
650 0 7 |a dejiny Maďarska  |x latinské staré tlače  |2 snmk  |9 403528 
650 0 7 |a staré tlače  |x dejiny Maďarska  |2 SNKPH  |9 403526 
651 7 |a Uhorsko  |2 SNKPHgeo  |9 28673 
651 7 |a Maďarsko  |2 SNKPHgeo  |9 16754 
655 7 |a úvahy  |2 SNKPH  |9 29403 
700 1 |a Horányi, Alexius,  |d 1736-1809  |4 ant  |9 152271 
700 1 |a Pantophelius, Ioannes (pseudonym)  |4 aut  |9 618687 
700 1 |a Hamuljak, Martin,  |d 1789-1859  |4 own  |9 79936 
852 |a Lyceálna knižnica Kežmarok  |c LKež 
958 |a ONDV 
999 |c 950384  |d 952314 
952 |t  Ham 533  |a SNK  |b SNK  |c SNK_HF  |y PREZ  |7 0  |p 17A1126993  |o snkSD 4483  |i snk429/40  |8 5  |0 0  |1 0  |4 0  |d 2014-12-04  |f 1  |l 0  |r 2026-02-24 09:46:34  |w 2026-02-24